Isrā'll, jināyah wa-khiyānah. (Record no. 48744)

MARC details
000 -LEADER
fixed length control field 00574cam a22002291 4500
001 - CONTROL NUMBER
control field ne 66000558
003 - CONTROL NUMBER IDENTIFIER
control field DLC
005 - DATE AND TIME OF LATEST TRANSACTION
control field 20260227111821.0
008 - FIXED-LENGTH DATA ELEMENTS--GENERAL INFORMATION
fixed length control field 890905s1956 xx 000 0 ara
010 ## - LIBRARY OF CONGRESS CONTROL NUMBER
LC control number ne 66000558
035 ## - SYSTEM CONTROL NUMBER
System control number (OCoLC)23520978
040 ## - CATALOGING SOURCE
Original cataloging agency DLC
Transcribing agency MiU
Modifying agency DLC
042 ## - AUTHENTICATION CODE
Authentication code premarc
050 00 - LIBRARY OF CONGRESS CALL NUMBER
Classification number DS126
Item number .B58 1956
100 1# - MAIN ENTRY--PERSONAL NAME
Personal name Bisīsū, Saʻdī.
245 10 - TITLE STATEMENT
Title Isrā'll, jināyah wa-khiyānah.
260 ## - PUBLICATION, DISTRIBUTION, ETC.
Date of publication, distribution, etc. 1956
300 ## - PHYSICAL DESCRIPTION
Extent 128 p.
Dimensions 21 cm.
504 ## - BIBLIOGRAPHY, ETC. NOTE
Bibliography, etc. note Bibliography: p. 108-128.
650 #0 - SUBJECT ADDED ENTRY--TOPICAL TERM
Topical term or geographic name entry element Zionism
651 #0 - SUBJECT ADDED ENTRY--GEOGRAPHIC NAME
Geographic name Palestine
General subdivision History
Chronological subdivision 1917-1948

No items available.

Powered by Koha